Statistiken für Hauptstädte Europas auf einer Karte

Klicken Sie hier um das Quiz zu spielen!

Allgemein

  • Dieses Quiz wurde 647 mal gespielt
  • Das Durchschnittsergebnis liegt bei 36 aus 45

Antworten auf der Karte

Die Antworten werden auf der Karte rot bzw. grün angezeigt, abhängig davon wie oft sie richtig erraten wurden.
 

Antwortstatistiken

Antwort% Korrekt
Berlin
99%
Paris
97%
Athen
96%
Madrid
96%
Oslo
96%
Wien
96%
Bern
95%
London
95%
Rom
95%
Amsterdam
94%
Brüssel
94%
Dublin
94%
Kopenhagen
94%
Moskau
94%
Lissabon
93%
Luxemburg
93%
Stockholm
93%
Warschau
93%
Helsinki
92%
Prag
92%
Vatikanstadt
92%
Kiew
91%
Monaco
90%
San Marino
86%
Budapest
85%
Bukarest
80%
Zagreb
78%
Minsk
76%
Riga
76%
Sofia
76%
Reykjavík
75%
Vaduz
74%
Tallinn
73%
Belgrad
63%
Sarajevo
63%
Vilnius
63%
Bratislava
62%
Tirana
60%
Andorra la Vella
59%
Valletta
59%
Ljubljana
58%
Priština
49%
Skopje
48%
Chișinău
45%
Podgorica
39%

Verteilung der Resultate

Perzentil nach korrekt beantworteten Fragen

Anzahl Personen mit jedem Resultat

Ihre Resultats-Entwicklung

Sie haben dieses Quiz noch nicht gespielt